000 01435cab a2200241 4500
001 ##L133642
008 060525n2006 000 0 eng u
035 _a(Sirsi) u133642
041 0 _aeng
100 1 _aGattegno, Julie
245 0 0 _aBehavioural issues
260 _c2006
490 0 _aEstates Gazette
_v(0620) 20 May 2006, 288-289(2)
520 _aDescribes how Anti-Social Behaviour Orders (ASBOs) and Acceptable Behaviour Contracts (ABCs) which were introduced by the Crime and Disorder Act 1998 can help both landlords and tenants tackle anti-social behaviour. Focuses on retail areas which are prime hang-outs for those involved in anti-social behaviour. ASBOs have far-reaching application and act as a strong disincentive to committing further offences. The concept of dispersal zones introduced by the Anti-Social Behaviour Act 2003 has extended the powers and measures introduced under the 1998 Act. Lists the behaviour types attracting ASBOs and steps that shopping centre managers can take to reduce anti-social behaviour. Concludes with alternative methods of control where an ASBO is not an option.
590 _aIKA060606
650 2 4 _aR V METROPOLITAN COMMISSIONER EX P W
650 2 4 _aHIGHWAYS ACT 1980
650 2 4 _aCIN PROPERTIES LTD V RAWLINS
650 2 4 _aCRIME AND DISORDER ACT 1998
651 4 _aEngland and Wales
_y1543-
690 _aPROPERTY-COMMERCIAL PROPERTY-RETAIL PROPERTY
942 _n0
999 _c77129
_d77129